000 01135nam a22003257a 4500
001 BR2023000870
003 BR-BrBNA
005 20230807092341.0
008 230712b bl.||||| |||| 00| 0 por d
040 _aBR-BrBNA
_bpor
_cBiblioteca Nacional de Agricultura
041 _apor
072 _aP01 ; A50 ; E10
090 _aP01 BR2023000870
100 _aPrado Júnior, Sérvio Túlio
110 _aFundação Getúlio Vargas, São Paulo, SP (Brazil).
_bCentro de Agronegócio, Escola de Economia de São Paulo.
245 _aAgricultura de baixo carbono: quem cumpre as decisões?
_bUma análise de governança do Plano ABC no âmbito do Observatório ABC - Sumário Executivo
260 _aSão Paulo, SP (Brazil)
_c[nd]
300 _a28 p.
500 _aPublished 2013?; 13 illus.; 1 table
650 _aAGRICULTURA SUSTENTÁVEL
650 _aDESENVOLVIMENTO SUSTENTÁVEL
650 _aPRESERVAÇÃO DA NATUREZA
650 _aGÁS
650 _aEFEITO ESTUFA
650 _aPOLÍTICA AGRÍCOLA
650 _aPESQUISA AGRÍCOLA
650 _aPOLÍTICAS PÚBLICAS
909 _a202307
_bFernando
942 _cBK
999 _c9615
_d9615